La via dell'educazione nell'umanizzazione della cultura: l'apporto delle donne (Record n. 359268)
[ formato base ]
| 000 -LEADER | |
|---|---|
| campo di controllo lung. fissa | 00670nam a22002417a 4500 |
| 003 - Identificatore del numero di controllo | |
| campo di controllo | IT-MiCISF |
| 005 - Data e orario dell'ultima transazione | |
| campo di controllo | 20210510114545.0 |
| 008 - Elementi di lunghezza fissa--Informazione generale | |
| campo di controllo lung. fissa | 210510b ||||| |||| 00| 0 eng d |
| 040 ## - Fonte della catalogazione | |
| Agenzia che fa la trascrizione | IT-MiCISF |
| 041 ## - Codice di lingua | |
| Codice di lingua del testo/traccia sonora o titolo separato | it |
| 100 ## - Accesso principale -- nome di persona | |
| Nome di persona | Farina Marcella |
| 9 (RLIN) | 58914 |
| 210 ## - Titolo abbreviato | |
| Titolo abbreviato | Rivista di scienze dell'educazione |
| 222 ## - Titolo chiave | |
| Titolo chiave | 03933849 |
| 245 ## - Formulazione del titolo | |
| Titolo | La via dell'educazione nell'umanizzazione della cultura: l'apporto delle donne |
| 260 ## - Pubblicazione, distribuzione, ecc. (stampa) | |
| Data di pubblicazione, distribuzione, ecc. | 2020 |
| 300 ## - Descrizione fisica | |
| Estensione | pp. 258-273 |
| 310 ## - Periodicità corrente della pubblicazione | |
| Periodicità corrente della pubblicazione | quadrimestrale |
| 362 ## - Date della pubblicazione e/o designazione sequenziale | |
| Date della pubblicazione e/o designazione sequenziale | n. 2, maggio-agosto |
| 500 ## - Nota generale | |
| Nota generale | educazione, donna, magistero, società |
| 650 ## - Accesso aggiunto di soggetto--termine topico | |
| Termine topico o nome geografico come accesso | educazione |
| 9 (RLIN) | 56062 |
| 654 ## - Accesso aggiunto di soggetto--termini topici faccettati | |
| Termine principale | articolo |
| 942 ## - Dati aggiuntivi (Koha) | |
| Fonte della classificazione o dello schema di collocazione (segnatura) | Dewey Decimal Classification |
| Tipo copia default (Koha) | RIVISTA |
Nessuna copia disponibile.